000 00527nam a2200205Ia 4500
003 OSt
005 20230424115006.0
008 210423s2010 xx 000 0 und d
020 _a9780521173032
040 _cAL
041 _aeng
082 _a820
_223
_bPOPP
100 _aPOPLAWSKI (Paul).
_992055
245 _aEnglish literature in context.
260 _aNew Delhi
_bCambridge University Press
_c2010
300 _axx,685
_bPB
365 _b545
_cINR
906 _acontext. ; English ; literature
942 _2ddc
_cBK
999 _c160931
_d160931